| 000 | 00525nam a2200181Ia 4500 | ||
|---|---|---|---|
| 005 | 20250326143324.0 | ||
| 008 | 250326s9999 xx 000 0 und d | ||
| 037 | _aTextbook | ||
| 040 |
_aFMSL _beng _cFMSL |
||
| 041 |
_aeng _2eng |
||
| 084 |
_aX:8obD658(2:55) P4 _qFMSL |
||
| 100 |
_aJaiswal M _9747818 |
||
| 245 | 0 |
_aManagement information system _cJaiswal M; Mital M |
|
| 260 |
_aNew York _bNew York, Oxford _c2004 |
||
| 300 | _a623p | ||
| 942 |
_cTB _hX:8obD658(2:55) P4 |
||
| 999 |
_c1299070 _d1299070 |
||